| 000 | 00841nam a2200277 a 4500 | ||
|---|---|---|---|
| 008 | |||
| 020 | _a071312704X (pbk.) | ||
| 049 | _aMAIN | ||
| 090 |
_aQC171.2 _bCAR |
||
| 100 | 1 |
_aCaro, D. E. _q(David Edmund) |
|
| 245 | 1 | 0 |
_aModern physics : _ban introduction to atomic and nuclear physics / _cD. E. Caro, J. A. McDonell, B. M. Spicer. |
| 250 | _a3rd ed. | ||
| 260 |
_aLondon : _bEdward Arnold, _c1978. |
||
| 300 |
_a[10], 212 p. : _bill. ; _c25 cm. |
||
| 504 | _aIncludes bibliographical references. | ||
| 500 | _aIncludes index. | ||
| 650 | 0 | _aAtoms. | |
| 650 | 0 | _aNuclear physics. | |
| 700 | 1 | _aMcDonell, J.A. | |
| 700 | 1 | _aSpicer, Brian Milton. | |
| 907 |
_a.b10048042 _b18-03-13 _c17-04-03 |
||
| 003 | |||
| 005 | 20230123133451.0 | ||
| 040 | _cNUST | ||
| 942 |
_cBOOKS _kQC171.2 _mCAR |
||
| 999 |
_c149085 _d149085 |
||